000 00435nam a2200181Ia 4500
001 28152
003 IN-NITTTR
005 20251114233349.0
008 251113s9999||||xx |||||||||||||| ||eng||
040 _beng
040 _cIN-NITTTR
041 _aeng
082 _a004.65 B275C
100 _aBarrett, Diane
245 0 _aComputer networking illuminated /
_cBarrett, Diane, King, Todd
700 _a King, Todd
942 _2ddc
_cBK
999 _c30780
_d30780